| 000 | 00950nam a22002777a 4500 | ||
|---|---|---|---|
| 005 | 20240530110615.0 | ||
| 008 | 161128s2014 ua fhk f b 000 0 ara d | ||
| 017 |
_a2014/3417 _bمصر. دار الكتب |
||
| 020 | _a9789774278990 | ||
| 040 |
_aEG-CaGPL _cEG-CaGPL |
||
| 082 | 0 | 4 |
_221 _a723.3\ _bخ ح |
| 100 | 0 | _aخالد عزب | |
| 245 | 1 | 2 |
_aالحجر الصولجان / _cخالد عزب |
| 250 | _aط. 1. | ||
| 260 |
_aالقاهرة : _bالدار المصرية اللبنانية ، _c2014 . |
||
| 300 |
_a302 ص. : _bايض ؛ _c30 سم. |
||
| 504 | _aشتمل على ارجاعات ببليوجرافية | ||
| 650 | 0 | 7 |
_2qrmak _aالعمارة الاسلامية |
| 650 | 0 | 7 |
_2qrmak _aالقصور الاسلامية |
| 650 | 0 | 7 |
_2qrmak _aالماذن |
| 650 | 0 | 7 |
_2qrmak _aالفن الاسلامى |
| 650 | 0 | 7 |
_2qrmak _aالمساجد |
| 651 | _2qrmak | ||
| 942 |
_2ddc _cBK |
||
| 999 |
_c62935 _d62935 |
||